[Event "XXX Zalakaros Open"]
[Site "Zalakaros HUN"]
[Date "2011.05.28"]
[Round "9"]
[White "Tesik, C."]
[Black "Chernyshov, K."]
[Result "0-1"]
[WhiteElo "2299"]
[BlackElo "2564"]
[Annotator "Müller,Karsten"]
[PlyCount "148"]
[EventDate "2011.05.20"]
[EventType "swiss"]
[EventRounds "9"]
[EventCountry "HUN"]
[Source "Mark Crowther"]
[SourceDate "2011.06.13"]

1. e4 g6 2. d4 Bg7 3. Nc3 a6 4. h4 b5 5. h5 b4 6. Nd5 Bb7 7. h6 Bf8 8. Bf4 d6
9. Bd3 e6 10. Ne3 Nf6 11. Bg5 Be7 12. f3 Nbd7 13. Qd2 a5 14. O-O-O O-O 15. Bf4
c5 16. dxc5 Nxc5 17. Bc4 Qb6 18. Nh3 Rfd8 19. Qe2 a4 20. Kb1 d5 21. exd5 exd5
22. Ng4 Re8 23. Bb5 Bc6 24. Bxc6 Qxc6 25. Bg5 Ncd7 26. Qd3 b3 27. Nxf6+ Bxf6
28. Bxf6 Qxf6 29. cxb3 axb3 30. a3 Ne5 31. Qxd5 Rad8 32. Qxb3 Rb8 33. Qc3 Rec8
34. Qd4 Rc4 35. Qd6 Rxb2+ 36. Ka1 Qxd6 37. Rxd6 Rb8 38. Rhd1 Rcc8 39. Rb1 Ra8
40. Rb3 Rc1+ 41. Kb2 Re1 42. Rd5 Re2+ 43. Ka1 Nc4 44. Nf4 Rf2 45. Rbd3 Kf8 46.
Rd8+ Rxd8 47. Rxd8+ Ke7 48. Rh8 g5 49. Nd5+ Ke6 50. Nc7+ Kf6 51. Rxh7 Rxg2 52.
Nd5+ Ke5 53. Ne7 Ke6 54. Nc6 Kf6 55. a4 Rf2 56. Nd8 Ne5 57. Rh8 Rxf3 58. h7 Rh3
59. a5 Ng6 60. Re8 Ra3+ 61. Kb2 Rxa5 62. h8=Q+ Nxh8 63. Rxh8 Rc5 64. Rg8 Rc7
65. Kb3 Kf5 66. Rg7 Kf6 67. Rg8 Rc8 68. Rf8 Kg6 69. Rg8+ Kf5 {[#]} 70. Nxf7 $2
{runs into a beautiful refutation.} (70. Rxg5+ $5 Kxg5 71. Nxf7+ Kf6 72. Nd6 $1
{saves the day as the knight joins forces with its king.} ({But not} 72. Nh6 $2
Ke5 $1 73. Nf7+ Kd5 {[%csl Gd5,Gf7] when the dominated steed will be caught
sooner or later, e.g.} 74. Kb4 Rf8 75. Ng5 Rf5 76. Nh3 Kd4 77. Ng1 Ke3 78. Nh3 Rh5 79. Ng1
Rh1 $19) 72... Rc6 73. Nc4 $11) 70... Rxg8 71. Nh6+ Ke6 72. Nxg8 g4 {[%csl Ge6,
Gg8][%cal Gg4d4,Gd4d1,Gg4d1,Gg4g1,Gg1d1] A tragicomical picture. White's king
is just outside of the square and his knight is just not in time to catch the
pawn.} 73. Nh6 g3 74. Ng4 g2 0-1